| 000 | 00567nam a2200145Ia 4500 | ||
|---|---|---|---|
| 008 | 170221s9999 xx 000 0 und d | ||
| 100 | _aNatalya N. Novoselova | ||
| 245 | _aFactors of Providing Food and Economic Security of the State and Its Regions | ||
| 245 | _cNatalya N. Novoselova, Lyudmila V. Krasnyuk, Yulia A. Sukhorado, Marina R. Dzagoyeva, Zalina K. Aylarova | ||
| 260 | _bInternational Review of Management and Marketing | ||
| 260 | _c2012 | ||
| 300 | _a: | ||
| 650 | _xMarketing. | ||
| 856 | _uhttp://www.econjournals.com/index.php/irmm/issue/view/70 | ||
| 999 |
_c313947 _d313947 |
||